Hidromedusas del Océano Pacífico colombiano : (Registro nro. 7839)

Detalles MARC
000 -CABECERA
Campo de control 01015nam a22002657a 4500
005 - FECHA Y HORA DE LA ULTIMA TRANSACCION
Campo de control 20150128162105.0
008 - ELEMENTOS DE LONGITUD FIJA—INFORMACION GENERAL
Campo de control 131118b2010 ck ||||| |||| 00| 0 spa d
020 ## - ISBN
ISBN 9789588403267
040 ## - FUENTE DE CATALOGACIÓN
Agencia catalogadora original CO-BoIAVH
Agencia transcriptora CO-BoIAVH
041 ## - IDIOMA
Código de idioma para texto/pista de sonido o título separado Español
044 ## - PAÍS DE PUBLICACIÓN
País de publicación Colombia
082 04 - NUMERO DE CLASIFICACION DECIMAL DEWEY
Número de clasificación 593.55
Número del ítem L86h
100 1# - ASIENTO PRINCIPAL--NOMBRE PERSONAL
Nombre personal López-Peralta, Raúl Hernando
245 10 - MENCION DE TITULO
Título Hidromedusas del Océano Pacífico colombiano :
Parte restante del título catálogo básico de identificación rápida I /
Mención de responsabilidad Raúl Hernando, López-Peralta y Angela María, Baldrich-Chaparro
260 ## - PUBLICACION, DISTRIBUCION, ETC. (PIE DE IMPRENTA)
Lugar de publicación, distribución, etc. Bogotá:
Nombre del editor, distribuidor, etc. Universidad Militar Nueva Granada, Programa de Biología Aplicada,
Fecha de publicación, distribución, etc. 2010.
300 ## - DESCRIPCION FISICA
Extensión 77 p.
Otros detalles físicos il., mapas, fotografías (col)
Dimensiones 28 cm.
650 14 - ASIENTO SECUNDARIO DE MATERIA - TERMINO TEMATICO
Término temático o nombre geográfico como elemento de entrada Celenterados
650 14 - ASIENTO SECUNDARIO DE MATERIA - TERMINO TEMATICO
Término temático o nombre geográfico como elemento de entrada Animales marinos
650 #4 - ASIENTO SECUNDARIO DE MATERIA - TERMINO TEMATICO
Término temático o nombre geográfico como elemento de entrada Medusas
Subdivisión geográfica Océano Pacífico (Colombia)
650 #4 - ASIENTO SECUNDARIO DE MATERIA - TERMINO TEMATICO
Término temático o nombre geográfico como elemento de entrada Hidromedusas
Subdivisión general clasificación
650 #4 - ASIENTO SECUNDARIO DE MATERIA - TERMINO TEMATICO
Término temático o nombre geográfico como elemento de entrada Hidromedusas
Subdivisión general filogenia
650 #4 - ASIENTO SECUNDARIO DE MATERIA - TERMINO TEMATICO
Término temático o nombre geográfico como elemento de entrada Hydrozoa
700 1# - ASIENTO SECUNDARIO - NOMBRE PERSONAL
Nombre personal Baldrich-Chaparro, Angela María
942 ## - ELEMENTOS ADICIONALES (KOHA)
Sistema de clasificación Dewey Decimal Classification
Tipo de ítem Libro
Existencias
Withdrawn status Lost status Sistema de Clasificación Damaged status No para préstamo Colección Inventariado Ubicación Permanente Ubicación actual Fecha de adquisición Fuente de Valor Valor Total Checkouts Número topográfico Inventario / Código de Barras Date last seen Ejemplar Price effective from Forma de adquisición Tipo de material
    Dewey Decimal Classification     General Inventariado 2017 Bogotá Bogotá 20/01/2015 Instituto 39000.00   LB-593.55 L86h 038505 20/01/2015 Ej. 2 20/01/2015   Libro
    Dewey Decimal Classification     General Inventariado 2017 Sala Fabio Quevedo Sala Fabio Quevedo 18/11/2013 Instituto 39000.00   LB-593.55 L86h 059502 18/11/2013 Ej. 1 18/11/2013   Libro